Automotive Industry and Current State of Electromobility in the Visegrad Group Region

Inovatívne zmeny a ich ovplyvňovanie výroby osobných automobilov v štyroch stredoeurópskych krajinách. Súčasný stav výroby elektrických a plug-in hybridných motorových vozidiel v krajinách Vyšehradskej skupiny. Porovnanie súčasného stavu rastu elektromobility v krajinách Vyšehradskej skupiny s lídra...

Ausführliche Beschreibung

Gespeichert in:
Bibliographische Detailangaben
1. Verfasser: Kajánek, Tomáš, 1995-
Format: Buchkapitel
Sprache:Englisch
Schlagworte:
Tags: Tag hinzufügen
Keine Tags, Fügen Sie das erste Tag hinzu!

MARC

LEADER 00000naa a2200000 4500
001 0264219
005 20240502083759.3
041 0 |a eng 
044 |a MD 
245 1 0 |a Automotive Industry and Current State of Electromobility in the Visegrad Group Region  |c Tomáš Kajánek 
520 |a Inovatívne zmeny a ich ovplyvňovanie výroby osobných automobilov v štyroch stredoeurópskych krajinách. Súčasný stav výroby elektrických a plug-in hybridných motorových vozidiel v krajinách Vyšehradskej skupiny. Porovnanie súčasného stavu rastu elektromobility v krajinách Vyšehradskej skupiny s lídrami v oblasti elektromobility v Európe. Mapa súčasných významných výrobcov motorových vozidiel. 
610 2 0 |a priemysel automobilový 
610 2 0 |a elektromobily 
610 2 0 |a regióny 
610 2 0 |a Vyšehradská štvorka 
610 2 0 |a inovácie technologické 
100 1 |a Kajánek, Tomáš, 1995-